Del yo al nosotros (Record no. 150159)

MARC details
000 -LEADER
campo de control de longitud fija 00691nam a2200205 i 4500
001 - NÚMERO DE CONTROL
campo de control 150159
003 - IDENTIFICADOR DE NÚMERO DE CONTROL
campo de control ES-MaACL
005 - FECHA Y HORA DE LA ÚLTIMA TRANSACCIÓN
campo de control 20231218181146.0
007 - CAMPO FIJO DE DESCRIPCIÓN FÍSICA--INFORMACIÓN GENERAL
campo de control de longitud fija t|
008 - DATOS DE LONGITUD FIJA--INFORMACIÓN GENERAL
campo de control de longitud fija 071026s1979 sp ||||1| spa d
100 1# - ENTRADA PRINCIPAL--NOMBRE DE PERSONA
Nombre de persona Valls Plana, Ramón.
9 (RLIN) 112949
245 10 - MENCIÓN DEL TÍTULO
Título Del yo al nosotros
Resto del título : (lectura de la Fenomenología del Espíritu de Hegel) /
Mención de responsabilidad, etc. Ramón Valls Plana ; prólogo de Emilio Lledó.
250 ## - MENCION DE EDICION
Mención de edición 2ª ed.
260 ## - PUBLICACIÓN, DISTRIBUCIÓN, ETC.
Lugar de publicación, distribución, etc. Barcelona :
Nombre del editor, distribuidor, etc. Laia,
Fecha de publicación, distribución, etc. 1979.
300 ## - DESCRIPCIÓN FÍSICA
Extensión 430 p. ;
Dimensiones 20 cm.
600 14 - PUNTO DE ACCESO ADICIONAL DE MATERIA--NOMBRE DE PERSONA
Nombre de persona Hegel, Georg Wilhelm Friedrich-
Subdivisión general Crítica e interpretación.
9 (RLIN) 62317
700 1# - ENTRADA AGREGADA--NOMBRE PERSONAL
Nombre de persona Lledó, Emilio,
Fechas asociadas al nombre 1927-
9 (RLIN) 72740
852 ## - LOCALIZACIÓN
Ubicación ES-MaACL
Número de control de estantería A-10806
Sublocalización o colección R.99920
Holdings
Estatus retirado Estado de pérdida Estado de daño No para préstamo Biblioteca de origen Biblioteca actual Ubicación en estantería Fecha de adquisición Fuente de adquisición Total de préstamos Signatura topográfica completa Código de barras Visto por última vez Precio de reemplazo Tipo de ítem Koha
        Biblioteca del Ateneo de Madrid Biblioteca del Ateneo de Madrid Depósito 1 17/01/2008     A-10806 1156691 23/02/2023 23/02/2023 Libro impreso